| 000 | 00869nam a2200253Ia 4500 | ||
|---|---|---|---|
| 008 | 130821s2006 mx gr spa | ||
| 020 | _a9682315093 | ||
| 040 |
_aCo-BoUCM _bspa |
||
| 041 | 0 | 0 | _aspa |
| 100 | 1 |
_aBerman, Marshall _d1940- _9154582 |
|
| 245 | 1 | 0 |
_aTodo lo sólido se desvanece en el aire la experiencia de la modernidad _cpor Marshall Berman |
| 250 | _a16a. ed. | ||
| 260 |
_aMéxico D.F. (México) _bSiglo Ventiuno Editores _c2006 |
||
| 300 | _a386 páginas | ||
| 490 | _aTeoría | ||
| 650 | 0 | 4 |
_aCivilización moderna _910986 |
| 650 | 0 | 4 |
_aFilosofía _975 |
| 650 | 0 | 4 |
_aModernidad _919681 |
| 650 | 0 | 4 |
_aModernismo (Literatura) _919685 |
| 700 | 1 |
_aMorales Vidal, Andrea _etrad. _9154583 |
|
| 765 | _aAll that is coild melts into air. the experience of modernity | ||
| 942 |
_cLIBRO _a2 _e1 _mB37 _2DEWEY _h190 |
||
| 999 |
_c61087 _d61087 |
||